| 000 | 01230nam a22002175i 4500 | ||
|---|---|---|---|
| 001 | 160586 | ||
| 003 | ES-MaACL | ||
| 005 | 20250928145354.0 | ||
| 008 | 991230s1864 sp ab |||| | spa d | ||
| 100 | 1 |
_aBecher, Alexander Bridport. _9125882 |
|
| 245 | 1 | 0 |
_aNavegación del océano Atlántico, o sea cuadro general de los vientos y corrientes que se experimentan en dicho mar, con las derrotas que se deben hacer para cruzarlo en todas las direcciones / _crecopilado por A.B. Becher ; traducido en 1857 por Joaquín Navarro y Morgado ; publicado por la Dirección de Hidrografía y aumentado con la descripción de islas, bancos y escollos del indicado mar que se tiene conocimiento de la misma. |
| 260 |
_aMadrid : _bDepósito Hidrográfico, _c1864 ( _fImp. de T. Fortanet) |
||
| 300 |
_aXII, 198 p., [1] h. de mapa pleg. ; _c22 cm. |
||
| 530 | _aDisponible en formato digital. | ||
| 651 | 4 |
_aAtlántico- _xNavegación. _9136591 |
|
| 700 | 1 |
_aNavarro y Morgado, Joaquín, _d1828-1885 _9130410 |
|
| 710 | 1 |
_aEspaña. _bDirección de Hidrografía. _93694 |
|
| 852 | 4 |
_aES-MaACL _jG-11309 _z- Enc. hol. |
|
| 856 | 4 |
_uhttp://www.bilbao.eus/bld/handle/123456789/37104 _zBilboko Liburutegi Digitala |
|
| 999 |
_c160586 _d160586 |
||